Miért nem a semmi létezik?
Elmentve itt :
| Szerző: | |
|---|---|
| Adatforrás: | Philobibl |
| Forrásdokumentuma: | Valóság 47.2004:12. 108-112. p. |
| Dokumentumtípus: | Cikk |
| Nyelv: | magyar |
| Kulcsszavak: | idő tér rend világegyetem ősrobbanás |
| Megjelent: |
2004
|
| LEADER | 00461nab a2200181 c 4500 | ||
|---|---|---|---|
| 001 | bibPHI0029310 | ||
| 005 | 20200924122454.6 | ||
| 008 | 061220s2004 xx hun | ||
| 100 | 1 | |a Greene, Brian | |
| 245 | 1 | 0 | |a Miért nem a semmi létezik? |c Greene, Brian |
| 260 | |c 2004 | ||
| 500 | |a interjú a Der Spiegelből | ||
| 695 | |a idő | ||
| 695 | |a tér | ||
| 695 | |a rend | ||
| 695 | |a világegyetem | ||
| 695 | |a ősrobbanás | ||
| 773 | 0 | |t Valóság |g 47.2004:12. 108-112. p. | |